000 00466nmm a2200169Ia 4500
008 251105s9999||||xx |||||||||||||||||und||
020 _a9788492616442
041 _aspa
100 _aBarbusse, Henri
245 0 _aEl fuego (Diario de una escuadra)
264 _a[Madrid, España] :
_bMontesinos,
_c2009
300 _a312 páginas
490 _aNarrativa
650 _aFrench narrative
856 _uhttps://public.digitaliapublishing.com/a/37103
942 _cCF
999 _c88959
_d88959